000 00346 a2200145 4500
001 117144
041 _apor
082 _a[E]
090 _aCHROMEBOOK 317
245 1 0 _aCHROMEBOOK 317
040 _aBR-BrIDEA
_cBR-BrIDEA
260 _aManaus
_bSamsung
_c2020
300 _a1 chromebook
_bModelo: XE310XBA-KT1BR
_cS/N: 09S29QAR113754
942 _cDE
999 _c117144
_d117144